书目信息 |
| 题名: |
星图手册
|
|
| 作者: | Norton , 诺顿 著 ;李珩 著 | |
| 分册: | ||
| 出版信息: | 北京 科学出版社 1984 |
|
| 页数: | 156页 | |
| 开本: | 26cm | |
| 丛书名: | ||
| 单 册: | ||
| 中图分类: | P114-62 | |
| 科图分类: | ||
| 主题词: | 星图 | |
| 电子资源: | ||
| ISBN: | ||
| 000 | 00744nam0 2200277 45 | |
| 001 | 0184002323 | |
| 005 | 20061121104052.70 | |
| 010 | @dCNY4.60 | |
| 091 | @aCN@b13031.2489 | |
| 100 | @a19950621d1984 emky0chiy0121 ea | |
| 101 | 1 | @achi@ceng |
| 102 | @aCN@b110000 | |
| 105 | @aa z 000yy | |
| 200 | 10 | @a星图手册@Axing tu shou ce@f( )诺顿(A.P.Norton)著@g李珩著 |
| 210 | @a北京@c科学出版社@d1984 | |
| 215 | @a156页@d26cm | |
| 300 | @a书名原文:Norton's star atlas | |
| 510 | 1 | @aNorton's star atlas@zeng |
| 606 | @a星图 | |
| 690 | @aP114-62@v3 | |
| 701 | A1 | @aNorton@bA.P.@4著 |
| 701 | 1 | @a诺顿@Anuo dun@bA.P.@4著 |
| 702 | 0 | @a李珩@Ali heng@4著 |
| 801 | 2 | @aCN@bNLC@c20061121 |
| 801 | 0 | @aCN@bTSSF |
| 905 | @a10447@dP114-62@e36 | |
| 星图手册/( )诺顿(A.P.Norton)著/李珩著.-北京:科学出版社,1984 |
| 156页;26cm |
| 书名原文:Norton's star atlas |
| ISBN :CNY4.60 |
| ● |
| 相关链接 |
|
|
|
|
正题名:星图手册
索取号:P114-62/36
 
预约/预借
| 序号 | 登录号 | 条形码 | 馆藏地/架位号 | 状态 | 备注 |
| 1 | 0130423 | 202101359 | 第二样本阅览室/ [索取号:P114-62/36] | 在馆 |